Successfully Resolving Conflict in a Week (Record no. 13507)

MARC details
000 -LEADER
fixed length control field 00630nam a2200241 a 4500
020 ## - INTERNATIONAL STANDARD BOOK NUMBER
ISBN 0340557
082 00 - DEWEY DECIMAL CLASSIFICATION NUMBER
Classification number 347.09
Author Cutter MAC
100 ## - MAIN ENTRY--AUTHOR NAME
Author name Macdonald, John
245 ## - TITLE STATEMENT
Title Successfully Resolving Conflict in a Week
260 ## - PUBLICATION, DISTRIBUTION, ETC. (IMPRINT)
Place of publication Jeddah
Name of publisher Hodder and Stoughton
Year of publication 2000
300 ## - PHYSICAL DESCRIPTION
Number of Pages 93p
500 ## - GENERAL NOTE
General note includes index and biblioraphy
505 2# - FORMATTED CONTENTS NOTE
Formatted contents note Glossary, Index
650 ## - SUBJECT ADDED ENTRY--TOPICAL TERM
Topical Term Conflict Resolution-Arbitration
942 ## - ADDED ENTRY ELEMENTS (KOHA)
Koha item type Books
700 1# -
-- Macdonald, John
Holdings
Collection code Home library Current library Date acquired Cost, normal purchase price Full call number Accession Number Koha item type
  Henry Martyn Institute Library Henry Martyn Institute Library 10/23/2007 99.00 347.09 MAC 020704 Books
                   Copyright © 2026 | Henry Martyn Institute | Hyderabad | TS-500052 | INDIA | Implemented by hmi.edu.in
Hit-Count:

Powered by Koha